| 000 | 01224nam2a2200229 4500 | ||
|---|---|---|---|
| 001 | rc\3038325 | ||
| 005 | 20260315065419.0 | ||
| 035 | _a(NLR Aleph) 007178758 | ||
| 090 |
_a13622340 _c13622340 |
||
| 100 | _a20111005d1941 u y0rusy50 ca | ||
| 101 | 0 | _arus | |
| 102 | _aRU | ||
| 105 | _aa z ||||| | ||
| 200 | 0 | _aЧ. 1, Ч. 1 (вып. 1) | |
| 210 | _d1941 | ||
| 215 |
_a[8], 505 с. _cчерт. |
||
| 461 | 0 |
_1001rc\3038324 _12000#$aГидроакустика$e[Дополненная обработка лекций по курсу "Общая акустика]. Ч. 1-$fВ.Н. Тюлин, канд. техн. наук$gВоен.-мор. акад. ВМФ им. Ворошилова. Кафедра гидроакустики$vЧ. 1, Ч. 1 (вып. 1) _1700#1$aТюлин$bВ.Н.$gВладимир Николаевич _97420299 _aТюлин, В.Н. _cЛенинград _d1941 _fВ.Н. Тюлин, канд. техн. наук _nБ. и. _o[Дополненная обработка лекций по курсу "Общая акустика]. Ч. 1- _tГидроакустика _vЧ. 1, Ч. 1 (вып. 1) |
|
| 801 | 0 |
_aRU _bNLR _gpsbo |
|
| 801 | 1 |
_aRU _bELAR _2rusmarc |
|
| 852 |
_aNLR _jФз02 Г-7/61(1) |
||
| 942 | _cUNSPEC | ||
| 980 | _aNB | ||